Регионална библиотека "Любен Каравелов" - Русе

Пирати и императори, стари и нови (Запис номер 63778)

MARC детайли
000 -Лидер
Контролно поле с фиксирана дължина 02289nam a2200433 c 4500
003 - Код на организацията, давaща контролен номер
Контролно поле BLK
005 - Дата и час на последна редакция
Контролно поле 20250215134640.0
008 - Елементи от данни с фиксирана дължина
fixed length control field 180408b bul|||||r ||||||| ||bul||
010 ## - Наследен системен номер
LC control number KNG00068037000
020 ## - Международен стандартен номер на книга ISBN
Международен стандартен номер на книга ISBN 954-790-020-Х
-- издат.: Кивели
040 ## - Източник на каталожния запис
Идентификатор на билиотеката - собственик на записа BLK
041 ## - Код за език
Код за езика на текст/звукозапис или на отделно заглавие Български
Код за езика КДБФ Български
080 ## - УДК
Текстов определител УДК Политическо преследване. Терористични действия. Тероризъм - Атентати, политически убийства. Вж и 343.1 ; 343.3/.7
УДК код - определител по УДК 323.28
УДК определител (100)
УДК - код + определител 323.28(100)
080 ## - УДК
Текстов определител УДК Международни политически отношения. Световна политика. Международна политика. Дипломация
УДК код - определител по УДК 327
УДК определител (100)
УДК - код + определител 327(100)
080 ## - УДК
Текстов определител УДК Разузнавателна служба. Тайна служба. Шпионаж. Разузнавателна информация. Вж и 327.84 ; 344.1
УДК код - определител по УДК 355.40
УДК определител (100)
УДК - код + определител 355.40(100)
100 1# - Редна дума - Автор
Автор Чомски, Ноам
Авторска отговорност първи автор
Автор - информация (биография) Чомски, Аврам Ноам
R(LIN) 256569
139 ## - Редно поле
Редна дума Чомски, Аврам Ноам
Авторски знак Чом - Ч 91
245 10 - Сведения за заглавието
Заглавие Пирати и императори, стари и нови
Подзаглавни данни Межд. тероризъм в съвр. свят
Редно поле (дума) * Аврам Ноам Чомски; Ноам Чомски; прев. Емилия Стефчева.
250 ## - Област на изданието
Сведения за изданието Доп. изд.
257 ## - Страна на издаване
Страна на създаване/издаване Съединени американски щати
260 ## - Област на издателските данни
-- София
Име на издателя, разпространителя и проч. Кивели
Година на издаване 2005
300 ## - Физическа характеристика
Страници 252 с.
Размери/Мащаб 23 см
380 ## - Жанр
Жанр Обществени науки
500 ## - Общи забележки
Забележка Пълното име на авт. е Аврам Ноам Чомски. - Ориг. загл. Pirates and Emperors, Old and New / Noam Chomsky.
650 #4 - Допълнително описание по предмет – тема
Основно описание – тема или топоним Тероризъм, международен
9 (RLIN) 272425
650 #4 - Допълнително описание по предмет – тема
Основно описание – тема или топоним Външна политика - история
9 (RLIN) 260493
650 #7 - Допълнително описание по предмет – тема
Основно описание – тема или топоним Военни конфликти
Източник на редна или ключова дума
9 (RLIN) 151085
653 ## - Ключова дума – ненормативна
Ключова дума тероризъм
653 ## - Ключова дума – ненормативна
Ключова дума външна политика
653 ## - Ключова дума – ненормативна
Ключова дума военни конфликти
700 1# - Други автори (авторска отговорност)
Лично име Чомски, Аврам Ноам
Автороска отговорност (Описва отношението между автора и произведението) *
9 (RLIN) 366765
700 1# - Други автори (авторска отговорност)
Лично име Стефчева, Емилия
Автороска отговорност (Описва отношението между автора и произведението) прев.
9 (RLIN) 291608
852 ## - Местоположение
Форматна сигнатура Цб 229137
856 4# - Електронен адрес и достъп
Електронен формат pdf - файл
Път до файла /url/
856 4# - Електронен адрес и достъп
Електронен формат pdf - файл
Път до файла /url/
942 ## - АРТИКУЛИ
Вид на библиотечния материал Книги
Скрит в OPAC Не
Koha issues (borrowed), all copies 2
944 ## - СЪЗДАВАНЕ И РЕДАКЦИЯ на ЗАПИСА
Създаване/Редакция Създаване
Дата на регистрацията/редакция 20.09.2006
Служител, извършил регистрацията/редакцията 30560
Статус, дата на статуса Геновева Генчева
944 ## - СЪЗДАВАНЕ И РЕДАКЦИЯ на ЗАПИСА
Създаване/Редакция Редакция
Дата на регистрацията/редакция 25.09.2006
Служител, извършил регистрацията/редакцията
999 ## - СИСТЕМНИ КОНТРОЛНИ НОМЕРА
Koha biblionumber 63778
Koha biblioitemnumber 63778
Наличности
Код за отписване Код за изгубен артикул Код за повреда Коз за рестрикции Код за отдаване Артикулен № Име на библиотеката - собственик Име на библиотеката, в която се намира в момента Статус (Текущо местоположение) Дата на вписване в системата Местоположение - отдел Цена в лева Инвентарен номер Систематично азбучна сигнатура Баркод Номер на екземпляра Цена в евро Служебна бележка Служебен тип на артикула Източник на класификационната схема
  Не е изгубен Не е повреден без рестрикции заемане за дома 105741 Регионална библиотека "Любен Каравелов" Русе Регионална библиотека "Любен Каравелов" Русе Заемна - подръчен фонд 2006-09-20 Заемна - подръчен фонд 16.90 120000705212 П 323/Ч 91 120000705212 1 8.64 Дост: Pk Вид: Ф N: 43815 Дата: 14.09.2006 Дата инв: 02.02.2018 Бележки инв: П2018 Книги  
  Не е изгубен Не е повреден без рестрикции заемане за дома 689128 Регионална библиотека "Любен Каравелов" Русе Регионална библиотека "Любен Каравелов" Русе Заемна - подръчен фонд 2019-02-12 Заемна - подръчен фонд 16.90   П 323/Ч 91 120000829692   8.64   Книги Universal Decimal Classification
Vip Innovations Ltd, Rousse, Bulgaria 2025